| 000 | 02996 a2200241 4500 | ||
|---|---|---|---|
| 003 | UA-OsUOA | ||
| 005 | 20200904160214.0 | ||
| 008 | 200818b un ||||| |||| 00| 0 rus d | ||
| 020 | _a5765440045 | ||
| 040 |
_aUA-OsUOA _bukr _cUA-OsUOA _dUA-OsUOA |
||
| 041 | _arus | ||
| 080 | _a821.161.1(72) | ||
| 090 |
_a821.161.1(72) _bК 88 |
||
| 100 | _aКуатьэ А. | ||
| 245 |
_aЗолотое сечение. Седьмая скрижаль завета _bроман _cАнхель де Куатьэ _nКн. 8 |
||
| 260 |
_bНева _c2004 _aСПб. |
||
| 300 | _a192 с. | ||
| 520 | _aСедьмая Скрижаль найдена! Что такое "золотое сечение"?.. Что это за идеальное, божественное сочетание? Может быть, это закон красоты? Или все-таки он - мистическая тайна? Научный феномен или этический принцип? Захватывающая интрига новой книги Анхеля де Куатьэ таит огромную метафизическую силу, которая открывается только теперь. "Золотое сечение" похоже на дешифровочный ключ. Оно заставляет нас задуматься и переосмыслить прочитанное. "Целое есть нечто большее, нежели простая совокупность его частей". Мы в самом начале пути. Нам нужна истина, которая смогла бы объединить нас. Истина, высказанная на языке, понятном сердцу. Истина, которая могла бы переходить из уст в уста, от души к душе без искажений и кривотолков. Пока же все это только мечта. Сделаем ли мы эту мечту явью? Зависит от того, сможем ли мы изменить свое сознание. Какова теперь судьба Анхеля и Данилы? Что с ними произошло? В чьих руках они оказались? "Сознание, в принципе, может узнать все части истины, но именно части. Оно не способно объединить их в единство истины. И поэтому истина, преломленная сознанием, всегда разрезанная, мертвая. Сознание приближается к истине, но не в силах удержать ее". | ||
| 650 |
_2UDC _a821 Художня література окремими мовами і мовними сім'ями |
||
| 942 |
_cBK _2udc |
||
| 955 | _a3 | ||
| 999 |
_c461077 _d461077 |
||